Top 50 conservative countries. - Statistics

General Stats
  • This quiz has been taken 1,198 times
  • The average score is 22 of 50
Answer Stats
Rank Country % Correct
20 Saudi Arabia
83%
1 Iran
82%
18 Iraq
81%
22 Yemen
73%
43 Russia
72%
25 Egypt
71%
50 India
68%
30 Algeria
65%
29 Indonesia
59%
23 Morocco
59%
40 Jordan
55%
46 Tunisia
54%
24 Uzbekistan
52%
34 Lebanon
51%
5 R. Congo
50%
17 Tajikistan
50%
13 Bangladesh
49%
10 Kenya
47%
15 Nepal
47%
31 Kazakhstan
45%
4 Uganda
45%
12 Laos
43%
47 Belarus
42%
33 Mongolia
42%
38 Azerbaijan
41%
8 Rwanda
41%
14 Cambodia
40%
21 Kyrgyzstan
40%
9 Zambia
40%
19 Ghana
39%
16 Senegal
39%
27 Sri Lanka
38%
48 Botswana
34%
3 Malawi
34%
6 Benin
33%
39 Namibia
33%
42 Venezuela
32%
2 Burkina Faso
31%
49 Philippines
30%
11 Lesotho
29%
32 Honduras
27%
45 El Salvador
26%
36 Nicaragua
26%
35 Guatemala
25%
44 Moldova
22%
41 Bolivia
21%
7 Swaziland
21%
28 Guyana
17%
26 Vatican City
16%
37 Dominican Rep
12%
No matching quizzes found
Score Distribution
Percent of People with Each Score
Percentile by Number Answered
Your Score History
You have not taken this quiz